000
00244nam a2200097Ia 4500
005
20251222114341.0
008
251222s1900||||xx |||||||||||||| ||spa||
082
_a
DVD0070/S75/2011/Ej.3
245
0
_a
Caballo de guerra:Caballo de batalla
942
_c
DVD
999
_c
869
_d
869